|
|
|
|
| LEADER |
01324cam a22002534a 4500 |
| 020 |
|
|
|a 0929306376 (alk. paper)
|
| 020 |
|
|
|a 9780929306377 (alk. paper)
|
| 082 |
0 |
0 |
|a 005.73
|b P7
|
| 100 |
1 |
|
|a Horowitz, Ellis.
|9 30046
|
| 245 |
1 |
0 |
|a Fundamentals of data structures in C++ /
|c Ellis Horowitz, Sartaj Sahni, Dinesh Mehta.
|
| 250 |
|
|
|a 2nd ed.
|
| 260 |
|
|
|a Hyderabad :
|b Universities Press,
|c c2007.
|
| 300 |
|
|
|a xxi, 694 p. :
|b ill. ;
|
| 504 |
|
|
|a Includes bibliographical references and index.
|
| 650 |
|
0 |
|a C++ (Computer program language)
|9 20
|
| 650 |
|
0 |
|a Data structures (Computer science)
|9 3574
|
| 700 |
1 |
|
|a Sahni, Sartaj.
|9 30048
|
| 700 |
1 |
|
|a Mehta, Dinesh P.
|9 30734
|
| 856 |
4 |
1 |
|u http://www.loc.gov/catdir/toc/ecip066/2006000541.html
|
| 942 |
|
|
|c BK
|
| 999 |
|
|
|c 81476
|d 81476
|
| 952 |
|
|
|0 0
|1 0
|4 0
|6 005_730000000000000_P7
|7 0
|9 73550
|a SOCS
|b SOCS
|d 2016-02-19
|e Calicut Book Distributors
|g 425.00
|l 2
|m 2
|o 005.73 P7
|p SOCS4036
|r 2019-01-14
|s 2018-10-05
|w 2016-04-15
|y BK
|
| 952 |
|
|
|0 0
|1 0
|4 0
|6 005_730000000000000_P7
|7 0
|9 73551
|a SOCS
|b SOCS
|d 2016-02-19
|e Calicut Book Distributors
|g 425.00
|l 1
|o 005.73 P7
|p SOCS4037
|r 2018-02-14
|s 2018-01-12
|w 2016-04-15
|y BK
|
| 952 |
|
|
|0 0
|1 0
|4 0
|6 005_730000000000000_P7
|7 0
|9 73552
|a SOCS
|b SOCS
|d 2016-02-19
|e Calicut Book Distributors
|g 425.00
|l 3
|o 005.73 P7
|p SOCS4038
|q 2019-09-11
|r 2019-08-27
|s 2019-08-27
|w 2016-04-15
|y BK
|